| 000 | 01400nem0a2200325 4500 | ||
|---|---|---|---|
| 001 | RU\NLR\BIBL_A\012870243 | ||
| 005 | 20260409065121.0 | ||
| 035 | _a(NLR Aleph) 012870243 | ||
| 090 |
_a12486770 _c12486770 |
||
| 100 | _a20220818f19241926|||y0rusy50 ca | ||
| 101 | 0 | _arus | |
| 102 | _aRU | ||
| 120 | _abyy xx|| | ||
| 123 | 1 |
_aa _b500000 |
|
| 135 | _acrcn 024anaba | ||
| 200 | 1 |
_aСхема Западной области с административными границами уездов и волостей 1916 года _bКарты |
|
| 206 | _a[ок. 1:500 000, 5 км в 1 см], граф. м-б в верстах | ||
| 210 |
_a[Смоленск] _cОрг. Бюро Западной Области _d[1924-1926?] |
||
| 215 |
_a1 к. (4 л.) _c1 цв., указ. _d80х56 см |
||
| 325 | _aКопия доступна в Электрон. б-ке РНБ | ||
| 509 | 0 | 1 |
_7ca _aЗападная область _92635244 _3RU\NLR\auth_crt\552076 |
| 607 |
_aЗападная область _jКарты _91018447 _3RU\NLR\AUTH\6671103 |
||
| 608 |
_aАдминистративные карты _3RU\NLR\AUTH\667834 _9901648 |
||
| 852 |
_aNLR _bК _j4-Зап 3/54 _m2942 _t2943 |
||
| 942 | _cMAP | ||
| 980 | _aNB | ||
| 981 | 1 | 9 | _a(19) Картографические материалы |